书目信息 |
| 题名: |
Oracle 11g宝典
|
|
| 作者: | 路川 , 胡欣杰 编著 | |
| 分册: | ||
| 出版信息: | 北京 电子工业出版社 2009.01 |
|
| 页数: | 845页 | |
| 开本: | 28cm | |
| 丛书名: | ||
| 单 册: | ||
| 中图分类: | TP311.138 | |
| 科图分类: | ||
| 主题词: | 软件 | |
| 电子资源: | ||
| ISBN: | 978-7-121-07535-3 | |
| 000 | 00636nam0 2200229 45 | |
| 001 | 0937570825 | |
| 005 | 20091027102742.98 | |
| 010 | @a978-7-121-07535-3@dCNY108.00 | |
| 100 | @a20090515d2009 ekmy0 y0120 ea | |
| 102 | @aCN@b130000 | |
| 102 | @aCN@b110000 | |
| 105 | @ay z 000yy | |
| 200 | 1 | @aOracle 11g宝典@f路川,胡欣杰编著@Flu chuan,hu xin jie bian zhu |
| 210 | @a北京@c电子工业出版社@d2009.01 | |
| 215 | @a845页@d28cm | |
| 606 | 0 | @a软件 |
| 690 | @aTP311.138@v4 | |
| 701 | 0 | @a路川@Alu chuan@4编著 |
| 701 | 0 | @a胡欣杰@Ahu xin jie@4编著 |
| 801 | 0 | @aCN@c20091027 |
| 905 | @a10447@dTP311.138@eL8762 | |
| 906 | @d108@n1@r1 | |
| Oracle 11g宝典/路川,胡欣杰编著.-北京:电子工业出版社,2009.01 |
| 845页;28cm |
| ISBN 978-7-121-07535-3:CNY108.00 |
| ● |
| 相关链接 |
|
|
|
正题名:Oracle 11g宝典
索取号:TP311.138/L8762
 
预约/预借
| 序号 | 登录号 | 条形码 | 馆藏地/架位号 | 状态 | 备注 |
| 1 | 657756 | 206577569 | 期刊室512/301自科库 41排5列4层/ [索取号:TP311.138/L8762] | 在馆 |